000 00405 a2200157 4500
005 20250523152725.0
020 _a0-03-921983-6
082 _a658. 8 BEC
100 _aBECKMAN, M. D.
245 _aFoundation of Marketing
250 _a3rd Ed.
260 _aToronto
_bHolt,
_c1986.
300 _axiv, 508p.: ill.; figure, table.
_bIndex.
_c24cm.
700 _aKURTZ, D. L. & BOONE, L. E.
942 _2ddc
_cBKS
999 _c2583
_d2583